Readings in Human Resource Management
Guardado en:
| Formato: | Libro |
|---|---|
| Lenguaje: | inglés |
| Publicado: |
[S.l.]
IRWIN
1997
|
| Edición: | 2. ed. |
| Materias: | |
| Etiquetas: |
Sin Etiquetas, Sea el primero en etiquetar este registro!
|
MARC
| LEADER | 00000nam a2200000 4500 | ||
|---|---|---|---|
| 001 | c020145 | ||
| 005 | 20221129110234.2 | ||
| 020 | |a 0-256-25865-1 | ||
| 041 | 0 | |a eng | |
| 044 | |a US | ||
| 245 | 1 | 0 | |a Readings in Human Resource Management |
| 250 | |a 2. ed. | ||
| 264 | 1 | |a [S.l.] |b IRWIN |c 1997 | |
| 300 | |a 569 s. | ||
| 610 | 2 | 0 | |a zdroje ľudské |
| 610 | 2 | 0 | |a riadenie |
| 610 | 2 | 0 | |a manažment personálny |
| 610 | 2 | 0 | |a zamestnanosť |
| 610 | 2 | 0 | |a plánovanie síl pracovných |
| 610 | 2 | 0 | |a vyjednávanie kolektívne |
| 610 | 2 | 0 | |a vzťahy pracovné |